000 00680nam a2200193Ia 4500
999 _c41915
_d41915
005 20240530103720.0
008 140319s9999 xx 000 0 ara d
017 _bمصر. دار الكتب
040 _aGCL /
_cGCL
082 0 4 _a301.21
_bن ن
_221
100 1 _aنبيل السمالوطى
245 1 0 _aنحو توجيه اسلامى لمناهج علم الاجتماع رؤية نقدية اجتهادية /
_cنبيل السمالوطى
490 _aكتاب
_v0
650 0 4 _aعلم الاجتماع الاسلامى
_2qrmak
650 0 4 _aعلم الاجتماع - مناهج
_2qrmak
651 _2qrmak
700 1 _aنبيل السمالوطى
942 _2ddc
_cBK